000 00471nam a22001937a 4500
003 LK-CoMWRAF
005 20231130101410.0
008 231130b |||||||| |||| 00| 0 eng d
020 _a.9679290085
040 _aLK-CoMWRAF
_dLK-CoMWRAF
_eLK-CoMWRAF
041 _aeng
082 _a823
_bDEN
100 _aDenffer, Ahmad Von
245 _aIman
260 _aLeicester :
_bThe Islamic foundation,
_c1985
300 _a58p
490 _aIslam for children
942 _cBK
999 _c4262
_d4262